000
00322nam a2200133Ia 4500
008
191201s2002 xx 000 0 und d
082
_a
429
_b
SCI
100
_a
SCHMITT, Norbert
245
0
_a
Introduction to Applied Linguistics
260
_a
N.Delhi
_b
Arnold
_c
2002
300
_a
344
650
_a
Applied
942
_2
ddc
_c
BK
999
_c
2455
_d
2455